| 000 | 01375nam a2200349Ia 4500 | ||
|---|---|---|---|
| 001 | ebr10041621 | ||
| 003 | CaPaEBR | ||
| 006 | m u | ||
| 007 | cr cn||||||||| | ||
| 008 | 000822s2001 enka sb 001 0 eng d | ||
| 010 | _z 00045594 | ||
| 020 | _z033375462X | ||
| 020 | _z0814742580 | ||
| 040 |
_aCaPaEBR _cCaPaEBR |
||
| 035 | _a(OCoLC)614679329 | ||
| 050 | 1 | 4 |
_aHS2227.I53 _bJ49 2001eb |
| 082 | 0 | 4 |
_a947/.0004924 _221 |
| 245 | 0 | 0 |
_aJewish politics in eastern Europe _h[electronic resource] : _bthe Bund at 100 / _cedited by Jack Jacobs. |
| 260 |
_aHampshire, U.K. : _bPalgrave, _c2001. |
||
| 300 |
_a311 p. : _bill. |
||
| 504 | _aIncludes bibliographical references and index. | ||
| 533 |
_aElectronic reproduction. _bPalo Alto, Calif. : _cebrary, _d2009. _nAvailable via World Wide Web. _nAccess may be limited to ebrary affiliated libraries. |
||
| 610 | 2 | 0 |
_aInternational Jewish Labor Bund _xHistory. |
| 650 | 0 |
_aJews _xPolitics and government. |
|
| 650 | 0 | _aSocialism and Judaism. | |
| 651 | 0 |
_aEurope, Eastern _xPolitics and government. |
|
| 651 | 0 |
_aPoland _xPolitics and government _y1918-1945. |
|
| 655 | 7 |
_aElectronic books. _2local |
|
| 700 | 1 |
_aJacobs, Jack Lester, _d1953- |
|
| 710 | 2 | _aebrary, Inc. | |
| 856 | 4 | 0 |
_uhttp://site.ebrary.com/lib/rucke/Doc?id=10041621 _zAn electronic book accessible through the World Wide Web; click to view |
| 999 |
_c168435 _d168435 |
||